Arbitraje chileno-peruano: anexos del alegato de la República de Chile presentado al Presidente de los Estados Unidos como árbitro en conformidad con las estipulaciones del protocolo y acta complementaria convenidos entre Chile y Perú en Washington, D.C., el 20 de Julio de 1922
Enregistré dans:
| Format: | Livre |
|---|---|
| Langue: | espagnol |
| Publié: |
Washington, D.C
s.n
1923
|
| Sujets: | |
| Tags: |
Ajouter un tag
Pas de tags, Soyez le premier à ajouter un tag!
|
MARC
| LEADER | 00000nam a2200000 a 4500 | ||
|---|---|---|---|
| 001 | UCT9292 | ||
| 003 | CL-VaPUC | ||
| 008 | 970404e19230000us |||||||||||||||||spa|d | ||
| 082 | 0 | 4 | |a 341.522 |b ARB |2 21 |
| 245 | 1 | 0 | |a Arbitraje chileno-peruano: anexos del alegato de la República de Chile presentado al Presidente de los Estados Unidos como árbitro en conformidad con las estipulaciones del protocolo y acta complementaria convenidos entre Chile y Perú en Washington, D.C., el 20 de Julio de 1922 |
| 300 | |a 728 p | ||
| 942 | |c BK | ||
| 945 | |d 19970404 00:00:00 |a paguirre | ||
| 260 | |a Washington, D.C |b s.n |c 1923 | ||
| 650 | 0 | |a Arbitraje |9 328491 | |
| 650 | 0 | |a Derecho internacional |9 255637 | |
| 650 | 0 | |a Solución de conflictos |9 266729 | |
| 650 | 0 | |a Mediación |9 338396 | |
| 651 | 7 | |a CHILE |2 CL-VaPUC |9 381870 | |
| 651 | 0 | |a Perú |9 256567 | |
| 651 | 0 | |a Estados Unidos |9 255178 | |
| 583 | |a last modification |c 20171228 04:45:37 |k Rodrigo Vera | ||
| 999 | |c 257707 |d 257705 | ||
| 952 | |0 0 |1 0 |4 0 |6 341_522000000000000_ARB_1923 |7 0 |8 A |9 281327 |a BIBDER |b BIBDER |d 2019-11-19 |i 182001K |o 341.522 ARB 1923 |p 182001K |r 2023-01-25 |w 2019-11-19 |y BK |k DER | ||